Geographic information management in local government

Guardado en:
Detalles Bibliográficos
Autor principal: Gilfoyle, Ian
Formato: Libro
Lenguaje:Undetermined
Publicado: London / New York CRC Press 2004
Materias:
Etiquetas: Agregar Etiqueta
Sin Etiquetas, Sea el primero en etiquetar este registro!
Thư viện lưu trữ: Trung tâm Học liệu Trường Đại học Cần Thơ
LEADER 00703nam a2200205Ia 4500
001 CTU_117472
008 210402s9999 xx 000 0 und d
082 |a 910.285 
082 |b G473 
100 |a Gilfoyle, Ian 
245 0 |a Geographic information management in local government 
245 0 |c Ian Gilfoyle, Petter Thorpe 
260 |a London / New York 
260 |b CRC Press 
260 |c 2004 
650 |a Geographic information systems,Local government,Information storage and retrieval systems 
650 |x Government policy,Geography,Government policy 
650 |z Great britain,Great britain,Great britain. 
904 |i Truc 
980 |a Trung tâm Học liệu Trường Đại học Cần Thơ